Medzinárodné účtovné štandardy: Účtovníctvo vo svete. Daň z príjmu z pohľadu amerických účtovných predpisov U.S. GAAP

Účtovanie o dani z príjmov bolo vždy súčasťou súboru amerických účtovných predpisov. V súčasnosti je najvýznamnejším účtovným predpisom v tejto oblasti štandard SFAS 109 - Účtovanie o dani z príjmov.

Gespeichert in:
Bibliographische Detailangaben
1. Verfasser: Tumpach, Miloš, 1970-
Format: Buchkapitel
Sprache:Slowakisch
Schlagworte:
Tags: Tag hinzufügen
Keine Tags, Fügen Sie das erste Tag hinzu!

MARC

LEADER 00000nla$a2200000$$$4500
001 0048053
005 20240502071542.5
041 0 |a slo 
044 |a SK 
245 1 0 |a Medzinárodné účtovné štandardy: Účtovníctvo vo svete. Daň z príjmu z pohľadu amerických účtovných predpisov U.S. GAAP  |c Miloš Tumpach 
520 |a Účtovanie o dani z príjmov bolo vždy súčasťou súboru amerických účtovných predpisov. V súčasnosti je najvýznamnejším účtovným predpisom v tejto oblasti štandard SFAS 109 - Účtovanie o dani z príjmov. 
610 2 0 |a účtovníctvo medzinárodné 
610 2 0 |a štandardy účtovné medzinárodné 
610 2 0 |a dane z príjmov 
610 2 0 |a závierka účtovná 
610 2 0 |a dane odložené 
610 2 0 |a pohľadávky 
610 2 0 |a US GAAP 
100 1 |a Tumpach, Miloš, 1970-